Mnohým stačia klebety

Bibliographic Details
Main Author: Majchrák, Jozef, 1975- (Author, Interviewer)
Other Authors: Gális, Tomáš, 1976- (Interviewer)
Format: Article
Language:Slovak
PhysicalDescription:Fotogr.
ISSN:1336-5932
Subjects:

MARC

LEADER 00000nab a2200000 a 4500
001 vtls009277622
003 SK-MaSNL
005 20260426071056.0
008 140515c2008 xo wr|p|||||||000 b|slo
015 |a SNBRB2008/03  |2 snkbucl 
040 |a SNKBUCL  |b slo  |c SNKBUCL  |e AACR2 
041 0 |a slo 
044 |a xo  |c SK 
080 |a 070.13  |2 2001 
080 |a 342.732  |2 2001 
100 1 |a Majchrák, Jozef,  |d 1975-  |4 ivr  |4 aut  |9 110393 
245 1 0 |a Mnohým stačia klebety  |c Jozef Majchrák, Tomáš Gális, Karel Hvížďala 
300 |b Fotogr. 
650 0 7 |a tlačová sloboda  |x právo na odpoveď  |2 snkbucl  |9 1325050 
651 7 |a Česko  |2 snkbucl  |9 16753 
651 7 |a Slovensko  |2 snkbucl  |9 14231 
655 7 |a rozhovory  |2 snkbucl  |9 31831 
700 1 |a Gális, Tomáš,  |d 1976-  |4 ivr  |9 205984 
700 1 |a Hvížďala, Karel,  |d 1941-  |4 ive  |9 226388 
773 0 |t Týždeň  |g Roč. V, č. 8 (2008), s. 26-29  |x 1336-5932 
852 |a SNK  |b KIS3GCP 
958 |a CZ 
958 |a SK 
999 |c 2674566  |d 2676496